La ley fundamental de la iglesia: historia y análisis de un proyecto legislativo

Αποθηκεύτηκε σε:
Λεπτομέρειες βιβλιογραφικής εγγραφής
Κύριος συγγραφέας: Cenalmor Palanca, Daniel (Συγγραφέας)
Μορφή: Βιβλίο
Γλώσσα:Ισπανικά
Έκδοση: Pamplona EUNSA 1991
Θέματα:
Ετικέτες: Προσθήκη ετικέτας
Δεν υπάρχουν, Καταχωρήστε ετικέτα πρώτοι!

MARC

LEADER 00000nam a2200000 a 4500
001 UCV2885
003 CL-VaPUC
008 921216e19910000SP |||||||||||||||||spa|d
082 0 4 |a 262.9  |b CEN  |2 21 
100 0 |a Cenalmor Palanca, Daniel  |e author  |9 297187 
245 1 3 |a La ley fundamental de la iglesia: historia y análisis de un proyecto legislativo 
300 |a 526 p 
942 |c BK 
945 |d 19921216 00:00:00 
260 |a Pamplona  |b EUNSA  |c 1991 
650 7 |a DERECHO CANONICO  |2 CL-VaPUC  |9 297188 
583 |a last modification  |c 19921216 00:00:00  |k Rodrigo Vera 
999 |c 210342  |d 210340 
952 |0 0  |1 0  |4 0  |6 262_900000000000000_CEN_1991  |7 0  |8 A  |9 186489  |a BIBDER  |b BIBDER  |d 2019-11-14  |i 2539810  |o 262.9 CEN 1991  |p 2539810  |r 2023-01-25  |w 2019-11-14  |y BK  |k DER